zpět

Detail výsledku týmu

Dno pytle - Vinohrady, Praha

Datum a čas kvízu

35.5 Celkem bodů Celkový počet nahraných bodů na tomto kvízu bez doplňovacích otázek.
5. Pořadí na kvízu Konečné umístění týmu na tomto kvízu.

Zaznamenané odpovědi

# Otázka Odpověď Body Výsledky
1. Českou republiku minulý týden... Svjatlana Cichanouská (Světlana Tichanovská) 1
2. Na první příčce žebříčku světo... B 1
3. Skupina Kabát oznámila poněkud... A 0
4. Jak se jmenuje středoamerický... Salvador 0
5. Jistá česká zpěvačka oznámila,... Olga Lounová 1
6. Nyní se podíváme do světa žen,... Ashley Graham/Grahamová 1
7. Jednou z nezapomenutelných kor... C 1
8. Melissa McCarthyová je americk... Gilmorova děvčata 1
9. Podle čeho pojmenovala britská... A 1
10. Na fotografii vidíme moderátor... Oprah Winfrey 1